[Event "HUN-chT2 Szechenyi 1415"]
[Site "Hungary"]
[Date "2015.02.08"]
[Round "8.7"]
[White "Soos, Lajos"]
[Black "Babocs, Gyula"]
[Result "0-1"]
[WhiteElo "1914"]
[BlackElo "1974"]
[PlyCount "56"]
[EventDate "2014.09.07"]
[EventType "team-tourn"]
[EventRounds "11"]
[EventCountry "HUN"]
[SourceTitle "EXT 2016"]
[Source "ChessBase"]
[SourceDate "2015.10.08"]
[SourceVersion "1"]
[SourceVersionDate "2015.10.08"]
[SourceQuality "1"]
[WhiteTeam "Keszthely"]
[BlackTeam "Ajka Banyasz"]
[WhiteTeamCountry "HUN"]
[BlackTeamCountry "HUN"]

1. e4 Nc6 2. d4 e5 3. d5 Nce7 4. c4 Nf6 5. Nc3 Ng6 6. Bd3 Bc5 7. Nf3 d6 8. h3 0-0 9. a3 a5 10. 0-0 h6 11. Na4 b6 12. Bd2 Bd7 13. Nxc5 bxc5 14. b4 axb4 15. axb4 cxb4 16. Bxb4 Nh5 17. c5 Qe7 18. c6 Rxa1 19. Qxa1 Bc8 20. Qa7 Nhf4 21. Bc2 Nh4 22. Nxh4 Qxh4 23. Qe3 Qg5 24. Qf3 Bxh3 25. Re1 Bxg2 26. Qg3 Qh5 27. Qh2 Bh3 28. Bd2 Ne2+ 0-1

[Event "HUN-chT2 Szechenyi 1314"]
[Site "Hungary"]
[Date "2014.02.09"]
[Round "6.6"]
[White "Ugroczky, Peter"]
[Black "Soos, Lajos"]
[Result "1-0"]
[WhiteElo "1869"]
[BlackElo "1938"]
[PlyCount "117"]
[EventDate "2013.09.08"]
[EventType "team-tourn"]
[EventRounds "11"]
[EventCountry "HUN"]
[SourceTitle "EXT 2016"]
[Source "ChessBase"]
[SourceDate "2015.10.08"]
[SourceVersion "1"]
[SourceVersionDate "2015.10.08"]
[SourceQuality "1"]
[WhiteTeam "Szombathely Haladas III"]
[BlackTeam "Keszthely Spartacus"]
[WhiteTeamCountry "HUN"]
[BlackTeamCountry "HUN"]

1. e4 d6 2. d4 Nf6 3. Nc3 g6 4. Bg5 Bg7 5. Nf3 c5 6. dxc5 Qa5 7. Bb5+ Bd7 8. Bxd7+ Nbxd7 9. Bxf6 Nxf6 10. cxd6 exd6 11. 0-0 Rd8 12. Qd3 0-0 13. Rad1 Rfe8 14. Rfe1 Ng4 15. h3 Ne5 16. Nxe5 Bxe5 17. Rb1 Re6 18. b4 Qc7 19. Nd5 Qc6 20. f4 Bg7 21. f5 Re5 22. f6 Bf8 23. c4 Rc8 24. Rbc1 Qa4 25. a3 Rce8 26. Ra1 Qc6 27. Qd4 b6 28. b5 Qc5 29. Qxc5 dxc5 30. Nc3 R8e6 31. Rf1 Bh6 32. Rf3 Bd2 33. Nd5 Rxe4 34. Rd3 Rd4 35. Rxd4 cxd4 36. Rd1 Re1+ 37. Rxe1 Bxe1 38. Kf1 Bh4 39. Ke2 Kf8 40. Kd3 Bf2 41. Ne7 Ke8 42. Nc6 Kd7 43. Nxa7 Bh4 44. Kxd4 Bxf6+ 45. Kd5 Be7 46. a4 f5 47. Nc6 Bd6 48. a5 bxa5 49. Nxa5 h5 50. c5 Bg3 51. Nc4 g5 52. c6+ Kd8 53. b6 h4 54. Ne5 Kc8 55. c7 Kb7 56. Kd6 g4 57. Kd7 Bxe5 58. c8Q+ Kxb6 59. Qc6+ 1-0

[Event "HUN-chT2 Szechenyi 1314"]
[Site "Hungary"]
[Date "2013.11.17"]
[Round "5.5"]
[White "Csaba, Arpad Jr"]
[Black "Soos, Lajos"]
[Result "1-0"]
[WhiteElo "2114"]
[BlackElo "1938"]
[PlyCount "75"]
[EventDate "2013.09.08"]
[EventType "team-tourn"]
[EventRounds "11"]
[EventCountry "HUN"]
[SourceTitle "EXT 2016"]
[Source "ChessBase"]
[SourceDate "2015.10.08"]
[SourceVersion "1"]
[SourceVersionDate "2015.10.08"]
[SourceQuality "1"]
[WhiteTeam "Ajka Banyasz"]
[BlackTeam "Keszthely Spartacus"]
[WhiteTeamCountry "HUN"]
[BlackTeamCountry "HUN"]

1. b3 d5 2. Bb2 Bf5 3. e3 e6 4. Nf3 Nf6 5. Be2 Be7 6. Ne5 h5 7. f4 Nbd7 8. Nxd7 Qxd7 9. d3 0-0-0 10. Bf3 Rdg8 11. Qe2 Rh6 12. Nd2 g5 13. fxg5 Rxg5 14. 0-0-0 Bg4 15. Rhf1 Rg8 16. h3 Bf5 17. e4 Bg6 18. Qe3 Rh7 19. Qxa7 Qc6 20. exd5 exd5 21. Nc4 Nd7 22. Qa8+ Nb8 23. Ne5 Qd6 24. Rde1 c6 25. Nxg6 fxg6 26. Kb1 Qb4 27. a3 Qc5 28. b4 Qb6 29. Be5 Kd7 30. Bxb8 Bxb4 31. axb4 Qxb4+ 32. Kc1 Rxb8 33. Qxb8 Qa3+ 34. Kd1 Qa1+ 35. Kd2 Qa5+ 36. Ke2 Re7+ 37. Kf2 Qd2+ 38. Re2 1-0

[Event "HUN-chT2 Szechenyi 1213"]
[Site "Hungary"]
[Date "2013.03.03"]
[Round "8.5"]
[White "Gaal, Ede"]
[Black "Soos, Lajos"]
[Result "1-0"]
[WhiteElo "2025"]
[BlackElo "1988"]
[PlyCount "57"]
[EventDate "2012.09.16"]
[EventType "team-tourn"]
[EventRounds "11"]
[EventCountry "HUN"]
[SourceTitle "EXT 2014"]
[Source "ChessBase"]
[SourceDate "2013.11.20"]
[SourceVersion "1"]
[SourceVersionDate "2013.11.20"]
[SourceQuality "1"]
[WhiteTeam "Lovo"]
[BlackTeam "Keszthely"]
[WhiteTeamCountry "HUN"]
[BlackTeamCountry "HUN"]

1. e4 d6 2. d4 Nf6 3. Nc3 g6 4. Be2 Bg7 5. Be3 c6 6. a4 Qa5 7. Qd2 Ng4 8. Bg5 h6 9. Bxe7 Qb4 10. e5 Nxe5 11. dxe5 Bxe5 12. 0-0-0 Bf4 13. Bxd6 Bxd2+ 14. Rxd2 Qa5 15. Nf3 Be6 16. Re1 Nd7 17. b4 Qb6 18. a5 Qd8 19. Nd4 Qf6 20. Kb1 0-0-0 21. Ne4 Qg7 22. Nxc6 Rde8 23. Nxa7+ Kd8 24. Nc5 Reg8 25. Nxb7+ Ke8 26. Bb5 g5 27. Bxd7+ Kxd7 28. Be5+ Ke7 29. Nc6+ 1-0

[Event "HUN-chT2 Szechenyi 1213"]
[Site "Hungary"]
[Date "2012.11.04"]
[Round "3.4"]
[White "Soos, Lajos"]
[Black "Marton, Jozsef"]
[Result "0-1"]
[WhiteElo "1988"]
[BlackElo "2209"]
[PlyCount "68"]
[EventDate "2012.09.16"]
[EventType "team-tourn"]
[EventRounds "11"]
[EventCountry "HUN"]
[SourceTitle "EXT 2014"]
[Source "ChessBase"]
[SourceDate "2013.11.20"]
[SourceVersion "1"]
[SourceVersionDate "2013.11.20"]
[SourceQuality "1"]
[WhiteTeam "Keszthely"]
[BlackTeam "Tapolca"]
[WhiteTeamCountry "HUN"]
[BlackTeamCountry "HUN"]

1. e4 c5 2. f4 d5 3. e5 Bf5 4. Nf3 e6 5. Bb5+ Nd7 6. 0-0 a6 7. Bxd7+ Qxd7 8. d3 Be7 9. Nc3 h5 10. Bd2 Nh6 11. a4 Bg6 12. a5 Nf5 13. Na4 Qc6 14. c3 Rd8 15. d4 h4 16. Nxc5 Bxc5 17. dxc5 Qxc5+ 18. Rf2 0-0 19. b4 Qc4 20. Rc1 Bh5 21. Qe1 Bxf3 22. Rxf3 d4 23. g4 hxg3 24. hxg3 dxc3 25. Bxc3 Rd3 26. Rxd3 Qxd3 27. Kh2 Rd8 28. Qf2 g6 29. Be1 Kg7 30. Kg1 Qe4 31. Bd2 Nd4 32. Rd1 Nf3+ 33. Kf1 Qd3+ 34. Qe2 Nxd2+ 0-1

[Event "HUN-chT2 Szechenyi 1112"]
[Site "Hungary"]
[Date "2012.02.19"]
[Round "6.6"]
[White "Soos, Lajos"]
[Black "Nemeth, Jozsef"]
[Result "1/2-1/2"]
[WhiteElo "2028"]
[BlackElo "2066"]
[PlyCount "90"]
[EventDate "2011.09.25"]
[EventType "team-tourn"]
[EventRounds "11"]
[EventCountry "HUN"]
[SourceTitle "EXT 2013"]
[Source "ChessBase"]
[SourceDate "2012.11.22"]
[SourceVersion "1"]
[SourceVersionDate "2012.11.22"]
[SourceQuality "1"]
[WhiteTeam "Keszthely"]
[BlackTeam "Zala Volan"]
[WhiteTeamCountry "HUN"]
[BlackTeamCountry "HUN"]

1. e4 c5 2. Nf3 a6 3. d4 cxd4 4. Nxd4 Nf6 5. Bd3 e5 6. Nb3 Be7 7. Nc3 Nc6 8. 0-0 d5 9. exd5 Nxd5 10. Nxd5 Qxd5 11. Qe2 Qe6 12. Re1 0-0 13. Bd2 Qg4 14. f3 Qh5 15. Bc3 Be6 16. Be4 f6 17. Bxc6 bxc6 18. Qe3 Bd5 19. Nd2 Rfe8 20. Ne4 Qg6 21. Ba5 f5 22. Nf2 Bf6 23. c3 Rab8 24. b3 Bg5 25. Qe2 e4 26. fxe4 fxe4 27. Nh3 Bh6 28. c4 Be6 29. Qxe4 Bf5 30. Qf3 Bg4 31. Qg3 Qf5 32. Bc7 Rbc8 33. Nf2 Bh5 34. h3 Rf8 35. Rf1 Be2 36. Rfe1 Rce8 37. Bb6 Bd2 38. Bd4 g6 39. Ng4 h5 40. Qc7 Rf7 41. Qxc6 Re6 42. Qc8+ Rf8 43. Qd7 Rf7 44. Qd8+ Rf8 45. Qd7 Rf7 1/2-1/2

[Event "HUN-chT2 Charousek 1011"]
[Site "Hungary"]
[Date "2011.05.15"]
[Round "11"]
[White "Soos, Lajos"]
[Black "Berek, Geza"]
[Result "0-1"]
[WhiteElo "2001"]
[BlackElo "2216"]
[PlyCount "74"]
[EventDate "2010.09.12"]
[EventType "team-tourn"]
[EventRounds "11"]
[EventCountry "HUN"]
[SourceTitle "EXT 2012"]
[Source "ChessBase"]
[SourceDate "2011.11.24"]
[SourceVersion "1"]
[SourceVersionDate "2011.11.24"]
[SourceQuality "1"]
[WhiteTeam "Csuti II"]
[BlackTeam "Kisber Aszar"]
[WhiteTeamCountry "HUN"]
[BlackTeamCountry "HUN"]

1. e4 g6 2. d4 Bg7 3. Be3 d6 4. Bd3 Nf6 5. Nc3 a6 6. Nge2 0-0 7. Qd2 Re8 8. h4 h5 9. f3 Nbd7 10. 0-0-0 c5 11. e5 cxd4 12. Bxd4 Nxe5 13. Bxe5 dxe5 14. Qg5 Qc7 15. Rdg1 Kh7 16. Qg3 Bh6+ 17. Kb1 Be3 18. Rf1 Be6 19. Nd1 Bh6 20. Nd4 Bd5 21. Ne2 Rac8 22. Ndc3 Be6 23. Qf2 b5 24. Rhg1 Qa5 25. g4 Bd2 26. gxh5 Nxh5 27. a3 b4 28. Qg2 Rg8 29. axb4 Qxb4 30. Na2 Qa5 31. Nec1 Be3 32. Re1 Bxg1 33. Rxg1 Nf4 34. Qg5 f6 35. Qg3 Nxd3 36. cxd3 Qd2 37. Rg2 Bxa2+ 0-1

[Event "HUN-chT2 Szechenyi 1011"]
[Site "Hungary"]
[Date "2010.10.24"]
[Round "4.5"]
[White "Gaal, Ede"]
[Black "Soos, Lajos"]
[Result "1-0"]
[WhiteElo "2113"]
[BlackElo "2001"]
[PlyCount "62"]
[EventDate "2010.09.12"]
[EventType "team-tourn"]
[EventRounds "11"]
[EventCountry "HUN"]
[SourceTitle "EXT 2012"]
[Source "ChessBase"]
[SourceDate "2011.11.24"]
[SourceVersion "1"]
[SourceVersionDate "2011.11.24"]
[SourceQuality "1"]
[WhiteTeam "Lovo"]
[BlackTeam "Baki Agrocentrum"]
[WhiteTeamCountry "HUN"]
[BlackTeamCountry "HUN"]

1. e4 d6 2. d4 Nf6 3. Nc3 g6 4. Be2 Bg7 5. Be3 c6 6. a4 Qa5 7. Kf1 Nbd7 8. g4 h5 9. g5 Nh7 10. h4 e5 11. d5 Qc7 12. a5 0-0 13. Nh3 Re8 14. Kg2 Nc5 15. b4 Na6 16. Rb1 Bxh3+ 17. Rxh3 cxd5 18. Nb5 Qd7 19. Qxd5 Bf8 20. Bxa7 Nc7 21. Qxb7 Rec8 22. Nxc7 Qxc7 23. Qxc7 Rxc7 24. Bb6 Rxc2 25. Bd1 Rc4 26. Bb3 Rxe4 27. Bd5 Rg4+ 28. Rg3 Rxg3+ 29. Kxg3 Rb8 30. b5 Be7 31. Bc7 Nf8 1-0

[Event "HUN-chT2 Szechenyi 0910"]
[Site "Hungary"]
[Date "2010.04.11"]
[Round "9.2"]
[White "Ress, Tamas"]
[Black "Soos, Lajos"]
[Result "1-0"]
[WhiteElo "2202"]
[BlackElo "2020"]
[PlyCount "73"]
[EventDate "2009.11.08"]
[EventType "team-tourn"]
[EventRounds "11"]
[EventCountry "HUN"]
[SourceTitle "EXT 2011"]
[Source "ChessBase"]
[SourceDate "2010.11.26"]
[SourceVersion "1"]
[SourceVersionDate "2010.11.26"]
[SourceQuality "1"]
[WhiteTeam "Gyor Elektromos"]
[BlackTeam "Kertvaros"]
[WhiteTeamCountry "HUN"]
[BlackTeamCountry "HUN"]

1. d4 Nf6 2. c4 g6 3. Nc3 Bg7 4. Nf3 0-0 5. g3 c5 6. d5 d6 7. Bg2 Bf5 8. 0-0 Nbd7 9. Ne1 Ne5 10. h3 Bc8 11. b3 Qa5 12. Bd2 a6 13. e4 Rb8 14. f4 Ned7 15. Qc1 Nh5 16. g4 Nhf6 17. Nd3 Qc7 18. a4 h5 19. Bf3 hxg4 20. hxg4 Nb6 21. f5 e5 22. g5 Nxe4 23. Bxe4 f6 24. gxf6 Bxf6 25. Bh6 Bg7 26. a5 Na8 27. Ra2 gxf5 28. Rg2 Rf7 29. Bxf5 Bxf5 30. Rxf5 Rxf5 31. Rxg7+ Qxg7+ 32. Bxg7 Kxg7 33. Ne4 Rg8 34. Ndf2 Kh7+ 35. Kf1 Rgf8 36. Qe3 Nc7 37. Nxd6 1-0

[Event "HUN-chT2 Szechenyi 0910"]
[Site "Hungary"]
[Date "2010.01.31"]
[Round "5.3"]
[White "Soos, Lajos"]
[Black "Plank, Franz"]
[Result "0-1"]
[WhiteElo "2020"]
[BlackElo "2273"]
[PlyCount "84"]
[EventDate "2009.11.08"]
[EventType "team-tourn"]
[EventRounds "11"]
[EventCountry "HUN"]
[SourceTitle "EXT 2011"]
[Source "ChessBase"]
[SourceDate "2010.11.26"]
[SourceVersion "1"]
[SourceVersionDate "2010.11.26"]
[SourceQuality "1"]
[WhiteTeam "Kertvaros"]
[BlackTeam "Lovo"]
[WhiteTeamCountry "HUN"]
[BlackTeamCountry "HUN"]

1. e4 d5 2. exd5 Qxd5 3. Nf3 Bg4 4. Be2 Nc6 5. Nc3 Qd7 6. 0-0 Nf6 7. d3 e6 8. Be3 Be7 9. Nd2 Bxe2 10. Qxe2 0-0 11. Nde4 Nd4 12. Qd1 Rfd8 13. Nxf6+ Bxf6 14. Ne4 Be7 15. c3 Nf5 16. d4 Qd5 17. Qc2 Rd7 18. Bg5 Nxd4 19. cxd4 Bxg5 20. Rfd1 Be7 21. a3 c6 22. Nc5 Rc7 23. Ne4 Rd8 24. Qe2 Rcd7 25. b4 e5 26. Rd3 exd4 27. Rad1 Qe6 28. Re1 f5 29. Ng3 Qxe2 30. Rxe2 g6 31. f3 Kf7 32. Nf1 Bg5 33. g3 Re7 34. Rc2 Be3+ 35. Kg2 Bg5 36. f4 Bf6 37. Rcd2 Rde8 38. h4 Re2+ 39. Rxe2 Rxe2+ 40. Kf3 Rc2 41. Nd2 b6 42. Nb3 c5 0-1

[Event "HUN-chT2 Szechenyi 0809"]
[Site "Hungary"]
[Date "2009.04.19"]
[Round "11.2"]
[White "Gadacsi, Miklos Jr"]
[Black "Soos, Lajos"]
[Result "1/2-1/2"]
[WhiteElo "2096"]
[BlackElo "2046"]
[PlyCount "124"]
[EventDate "2008.10.26"]
[EventType "tourn"]
[EventRounds "11"]
[EventCountry "HUN"]
[SourceTitle "EXT 2010"]
[Source "ChessBase"]
[SourceDate "2010.11.25"]
[SourceVersion "1"]
[SourceVersionDate "2010.11.25"]
[SourceQuality "1"]
[WhiteTeam "Tapolca II"]
[BlackTeam "Kervaros"]
[WhiteTeamCountry "HUN"]
[BlackTeamCountry "HUN"]

1. e4 d6 2. d4 e5 3. Nf3 exd4 4. Nxd4 Nf6 5. Nc3 Be7 6. Be2 0-0 7. 0-0 Re8 8. f4 Bf8 9. Bf3 c5 10. Nde2 Nc6 11. Ng3 Nd4 12. Be3 Nxf3+ 13. Qxf3 Bg4 14. Qf2 Be6 15. b3 Ng4 16. Qf3 Qh4 17. h3 Nxe3 18. Qxe3 d5 19. f5 d4 20. Qf3 Bxb3 21. axb3 dxc3 22. Rad1 Rad8 23. e5 Rxd1 24. Rxd1 Rxe5 25. Qxc3 Qe7 26. Qd2 Re3 27. Kf2 Re5 28. Qf4 f6 29. Rd2 Qc7 30. Qc4+ Kh8 31. Qd3 Re8 32. Ne2 a6 33. Qd7 Qe5 34. Qd3 b5 35. c4 g6 36. Ra2 bxc4 37. bxc4 Bh6 38. Rxa6 gxf5 39. Ra7 Be3+ 40. Kf3 Bd4 41. Nxd4 cxd4 42. Rd7 Qe4+ 43. Qxe4 fxe4+ 44. Ke2 d3+ 45. Ke3 f5 46. g3 Re5 47. Kd4 Re8 48. Ke3 h5 49. h4 Kg8 50. c5 Re6 51. Rd5 Rf6 52. Rd7 Kf8 53. Kd2 f4 54. gxf4 Rxf4 55. c6 Ke8 56. Rh7 Kd8 57. Rxh5 Rf7 58. Kd1 e3 59. Rd5+ Kc7 60. Rxd3 Rh7 61. Rxe3 Rxh4 62. Re6 Rc4 1/2-1/2

[Event "HUN-chT2 Szechenyi 0809"]
[Site "Hungary"]
[Date "2009.02.08"]
[Round "7.2"]
[White "Soos, Lajos"]
[Black "Fendrik, Lajos"]
[Result "1-0"]
[WhiteElo "2046"]
[BlackElo "2189"]
[PlyCount "49"]
[EventDate "2008.10.26"]
[EventType "tourn"]
[EventRounds "11"]
[EventCountry "HUN"]
[SourceTitle "EXT 2010"]
[Source "ChessBase"]
[SourceDate "2010.11.25"]
[SourceVersion "1"]
[SourceVersionDate "2010.11.25"]
[SourceQuality "1"]
[WhiteTeam "Kervaros"]
[BlackTeam "Zala Volan"]
[WhiteTeamCountry "HUN"]
[BlackTeamCountry "HUN"]

1. e4 d5 2. exd5 Qxd5 3. Nc3 Qd6 4. Nf3 Nf6 5. Be2 g6 6. h3 Bg7 7. 0-0 0-0 8. d4 a6 9. Be3 Nc6 10. Qd2 Bf5 11. Rfd1 Rfd8 12. Bf4 Qd7 13. Bc4 Ne4 14. Nxe4 Bxe4 15. Ng5 Bd5 16. Bxd5 Qxd5 17. c3 Rd7 18. Qe3 Rad8 19. Re1 e6 20. Ne4 e5 21. dxe5 Nxe5 22. Bg5 Re8 23. f4 Re6 24. fxe5 Qxe5 25. Nc5 1-0

[Event "HUN-chT2 Szechenyi 0809"]
[Site "Hungary"]
[Date "2009.01.04"]
[Round "6.3"]
[White "Soos, Lajos"]
[Black "Majeric, Zoran"]
[Result "0-1"]
[WhiteElo "2046"]
[BlackElo "2296"]
[PlyCount "78"]
[EventDate "2008.10.26"]
[EventType "tourn"]
[EventRounds "11"]
[EventCountry "HUN"]
[SourceTitle "EXT 2010"]
[Source "ChessBase"]
[SourceDate "2010.11.25"]
[SourceVersion "1"]
[SourceVersionDate "2010.11.25"]
[SourceQuality "1"]
[WhiteTeam "Kervaros"]
[BlackTeam "Lovo"]
[WhiteTeamCountry "HUN"]
[BlackTeamCountry "HUN"]

1. e4 c5 2. Nf3 g6 3. d4 Bg7 4. c3 cxd4 5. Nxd4 Nc6 6. Be3 Nf6 7. f3 0-0 8. Bc4 d5 9. exd5 Na5 10. Be2 Nxd5 11. Bf2 e5 12. Nc2 Be6 13. 0-0 Nf4 14. Ne3 Qg5 15. h4 Nh3+ 16. Kh2 Qf4+ 17. g3 Nxf2 18. gxf4 Nxd1 19. Rxd1 exf4 20. Ng2 Rfd8 21. Nd2 h6 22. Ne4 b6 23. Kg1 Be5 24. Ne1 Kg7 25. Kf2 f5 26. Nd2 Bf6 27. Ng2 g5 28. Ke1 Rd6 29. Nf1 Rad8 30. Rxd6 Rxd6 31. Nd2 Be5 32. Bf1 Kg6 33. Be2 Kh5 34. Bb5 gxh4 35. Be8+ Kg5 36. Ke2 Nc4 37. Nb3 Nxb2 38. Rg1 Bc4+ 39. Kf2 Nd1+ 0-1

[Event "HUN-chT2 Szechenyi 0708"]
[Site "Hungary"]
[Date "2008.03.30"]
[Round "9"]
[White "Tako, Annamaria"]
[Black "Soos, Lajos"]
[Result "0-1"]
[WhiteElo "1954"]
[BlackElo "2065"]
[PlyCount "114"]
[EventDate "2007.10.14"]
[EventType "team-tourn"]
[EventRounds "11"]
[EventCountry "HUN"]
[SourceTitle "EXT 2009"]
[Source "ChessBase"]
[SourceDate "2008.11.26"]
[SourceVersion "1"]
[SourceVersionDate "2008.11.26"]
[SourceQuality "1"]
[WhiteTeam "Arboretum"]
[BlackTeam "Kertvaros"]
[WhiteTeamCountry "HUN"]
[BlackTeamCountry "HUN"]

1. e4 e5 2. Nf3 d6 3. d4 exd4 4. Nxd4 Nf6 5. Nc3 Be7 6. Be3 0-0 7. Bd3 Re8 8. 0-0 c6 9. Qd2 Qc7 10. f4 Ng4 11. Rae1 Bf6 12. Kh1 Nxe3 13. Qxe3 Qb6 14. Nb3 Bxc3 15. bxc3 Qxe3 16. Rxe3 Nd7 17. Rfe1 Nf6 18. Nd2 b5 19. h3 Bd7 20. c4 a6 21. e5 dxe5 22. Rxe5 Kf8 23. Nb3 Rxe5 24. Rxe5 Re8 25. Nc5 Bc8 26. Rxe8+ Kxe8 27. Kh2 Ke7 28. Nb3 Kd6 29. Nd2 Kc5 30. c3 Be6 31. Nb3+ Kd6 32. Na5 Kc7 33. f5 Bd7 34. cxb5 axb5 35. g4 h6 36. a3 Kb6 37. Nb3 c5 38. c4 Ne8 39. Kg3 Nd6 40. Nd2 bxc4 41. Nxc4+ Nxc4 42. Bxc4 f6 43. Kf4 Ka5 44. Bb3 Ba4 45. Be6 Bb5 46. Ke4 Bf1 47. h4 Bh3 48. Kf4 Ka4 49. Bc4 Bg2 50. g5 Kxa3 51. gxf6 gxf6 52. Kg4 Kb4 53. Ba2 Be4 54. Kh5 Bxf5 55. Kxh6 Bd3 56. Be6 c4 57. Kg7 c3 0-1

[Event "HUN-chT2 Szechenyi 0708"]
[Site "Hungary"]
[Date "2007.12.16"]
[Round "5"]
[White "Soos, Lajos"]
[Black "Szabo, Laszlo2"]
[Result "0-1"]
[WhiteElo "2065"]
[BlackElo "2200"]
[PlyCount "90"]
[EventDate "2007.10.14"]
[EventType "team-tourn"]
[EventRounds "11"]
[EventCountry "HUN"]
[SourceTitle "EXT 2009"]
[Source "ChessBase"]
[SourceDate "2008.11.26"]
[SourceVersion "1"]
[SourceVersionDate "2008.11.26"]
[SourceQuality "1"]
[WhiteTeam "Kertvaros"]
[BlackTeam "Gyor Komszomol"]
[WhiteTeamCountry "HUN"]
[BlackTeamCountry "HUN"]

1. e4 c5 2. Nf3 e6 3. d4 cxd4 4. Nxd4 a6 5. Be2 Nf6 6. Qd3 Qc7 7. 0-0 Nc6 8. Nxc6 dxc6 9. Be3 e5 10. Nd2 Be6 11. c4 Nd7 12. Qc3 Be7 13. c5 0-0 14. Kh1 Rfe8 15. f4 f6 16. f5 Bf7 17. Rf3 Rad8 18. Rh3 Bxc5 19. Bc4 Bxc4 20. Qxc4+ Kh8 21. Bxc5 Nxc5 22. Nf3 Qd6 23. Rg1 Nd3 24. Rf1 Qc5 25. Qf7 Nf4 26. Rg3 Re7 27. Qb3 Rd3 28. Qa4 Red7 29. h4 h6 30. Kh2 Qd6 31. Qc2 Rd1 32. Rf2 Qd3 33. Ne1 Qxc2 34. Nxc2 R7d2 35. Rgf3 Nd3 36. Rxd2 Rxd2 37. Kg3 Rxc2 38. Rxd3 Rxb2 39. a3 a5 40. Kf3 a4 41. g3 Rb3 42. Ke3 b5 43. Kd2 Rxd3+ 44. Kxd3 c5 45. Kc3 h5 0-1

[Event "HUN-chT2 Szechenyi 0708"]
[Site "Hungary"]
[Date "2007.12.09"]
[Round "4"]
[White "Balogh, Mate"]
[Black "Soos, Lajos"]
[Result "1-0"]
[WhiteElo "2067"]
[BlackElo "2065"]
[PlyCount "46"]
[EventDate "2007.10.14"]
[EventType "team-tourn"]
[EventRounds "11"]
[EventCountry "HUN"]
[SourceTitle "EXT 2009"]
[Source "ChessBase"]
[SourceDate "2008.11.26"]
[SourceVersion "1"]
[SourceVersionDate "2008.11.26"]
[SourceQuality "1"]
[WhiteTeam "Haladas III"]
[BlackTeam "Kertvaros"]
[WhiteTeamCountry "HUN"]
[BlackTeamCountry "HUN"]

1. d4 Nf6 2. Nf3 d5 3. Bf4 Bg4 4. e3 e6 5. Be2 Nbd7 6. 0-0 c5 7. c4 dxc4 8. Nc3 Nd5 9. Bxc4 Nxf4 10. exf4 a6 11. h3 cxd4 12. hxg4 dxc3 13. f5 Nb6 14. Qe2 Nxc4 15. fxe6 Nxb2 16. exf7+ Kxf7 17. Rfe1 Qd5 18. Rad1 Nxd1 19. Rxd1 Qxd1+ 20. Qxd1 Ke6 21. Qb3+ Kd6 22. Qb6+ Kd5 23. Qxb7+ Kc5 1-0

[Event "HUN-chT2 Szechenyi 0506"]
[Site "Hungary"]
[Date "2006.04.23"]
[Round "11"]
[White "Rako, Istvan"]
[Black "Soos, Lajos"]
[Result "0-1"]
[WhiteElo "2153"]
[BlackElo "2058"]
[PlyCount "92"]
[EventDate "2005.10.16"]
[EventType "team-tourn"]
[EventRounds "11"]
[EventCountry "HUN"]
[SourceTitle "EXT 2009"]
[Source "ChessBase"]
[SourceDate "2008.11.26"]
[SourceVersion "1"]
[SourceVersionDate "2008.11.26"]
[SourceQuality "1"]
[WhiteTeam "Flesch"]
[BlackTeam "Lenti"]
[WhiteTeamCountry "HUN"]
[BlackTeamCountry "HUN"]

1. e4 e5 2. Nf3 Nf6 3. Nc3 Bb4 4. Nd5 Nxd5 5. exd5 0-0 6. Be2 Re8 7. c3 Ba5 8. 0-0 d6 9. d4 e4 10. Nd2 Bf5 11. a4 c6 12. Qb3 Qc8 13. Bc4 Bg6 14. Re1 Nd7 15. Bf1 Nf6 16. Nc4 Bc7 17. Ne3 Rb8 18. Bd2 Kh8 19. Qa2 Ng8 20. dxc6 bxc6 21. d5 c5 22. b4 f5 23. Bb5 Rf8 24. f4 exf3 25. gxf3 cxb4 26. cxb4 Bb6 27. Kh1 f4 28. Ng2 Qh3 29. Bxf4 Rxf4 30. Nxf4 Qxf3+ 31. Ng2 Nf6 32. Qe2 Qxd5 33. Rad1 Qg5 34. Qd2 Qxd2 35. Rxd2 Ne4 36. Rb2 Nf2+ 37. Rxf2 Bxf2 38. Re2 Bd4 39. Nf4 Bf7 40. Kg2 Bf6 41. Ne6 Be5 42. Ng5 Bd5+ 43. Kg1 a6 44. Rd2 Bg8 45. Bxa6 Rxb4 46. Bb5 Bf4 0-1

[Event "HUN-chT2 Szechenyi 0506"]
[Site "Hungary"]
[Date "2006.02.26"]
[Round "8"]
[White "Soos, Lajos"]
[Black "Csaba, Arpad"]
[Result "1/2-1/2"]
[WhiteElo "2058"]
[BlackElo "2177"]
[PlyCount "130"]
[EventDate "2005.10.16"]
[EventType "team-tourn"]
[EventRounds "11"]
[EventCountry "HUN"]
[SourceTitle "EXT 2009"]
[Source "ChessBase"]
[SourceDate "2008.11.26"]
[SourceVersion "1"]
[SourceVersionDate "2008.11.26"]
[SourceQuality "1"]
[WhiteTeam "Lenti"]
[BlackTeam "Ajka Banyasz"]
[WhiteTeamCountry "HUN"]
[BlackTeamCountry "HUN"]

1. e4 c5 2. Nf3 Nc6 3. d4 cxd4 4. Nxd4 Nf6 5. Nc3 d6 6. Bg5 e6 7. Bc4 a6 8. a4 Qa5 9. Bxf6 gxf6 10. 0-0 Qc5 11. Nxc6 bxc6 12. Qe2 a5 13. Rfe1 Rb8 14. Bb3 Be7 15. Qg4 Qg5 16. Qf3 Bd7 17. Rad1 e5 18. Rd3 Rg8 19. Ree3 Qg4 20. Qg3 Kf8 21. Qxg4 Rxg4 22. Rg3 Rb4 23. Rxg4 Bxg4 24. f3 Be6 25. Bxe6 fxe6 26. b3 f5 27. Kf2 d5 28. exd5 exd5 29. Nxd5 cxd5 30. Rxd5 Bf6 31. Rxa5 Kg7 32. Rc5 Kg6 33. Rc6 e4 34. a5 f4 35. fxe4 Rxe4 36. Kf3 Re5 37. a6 Kf5 38. g4+ fxg3 39. hxg3 Ra5 40. b4 Ra3+ 41. Kg2 Be5 42. b5 Rxg3+ 43. Kf1 Ra3 44. Rh6 Bd4 45. Rxh7 Rc3 46. Rh2 Ke6 47. Ke1 Kd5 48. Rd2 Ra3 49. c3 Kc5 50. Rxd4 Kxb5 51. Rb4+ Kc5 52. Kd2 Rxa6 53. Kc2 Ra3 54. Kb2 Ra5 55. Kb3 Rb5 56. Ka4 Rxb4+ 57. cxb4+ Kb6 58. b5 Kb7 59. Ka5 Ka7 60. b6+ Kb7 61. Kb5 Kb8 62. Ka6 Ka8 63. Ka5 Kb7 64. Kb5 Kb8 65. Kc6 Kc8 1/2-1/2